000 00627nam a2200229Ia 4500
003 OSt
005 20221006164224.0
006 a|||||r|||| 00| 0
007 ta
008 221006b |||||||| |||| 00| 0 hin d
024 _a5,132
037 _cTextual
040 _aFML
_cFML
_bhin
041 _2hin
_ahin
082 _aY:1vZ ' B, K3
100 _aDutt Ramesh Chandra Au.
_9676877
245 0 _aPraachin Bharat Ki Sabhyata Ka Itihaas
260 _aAllahabad
_bItihaas India
_c1963
300 _a607
_ccm.
942 _hY:1vZ ' B, K3
_cTEXL
_2CC
999 _c1116561
_d1116561